000 00648nam a22001697a 4500
005 20251108165526.0
008 250721s9999 xx 000 0 ara d
082 1 4 _aم/016.964/فاس
100 1 _aالدخيسي، إدريس
245 1 0 _aفاس :
_bكشاف المراجع الببليوغرافية للتراث الثقافي /
264 1 _aالدار البيضاء :
_bوزارة الدولة المكلفة بالشؤون الثقافية - قسم إحصاء الممتلكات الثقافية،
_c[19-].
300 _a35ص
650 1 7 _aالمغرب
650 1 7 _aالببليوغرافيات
942 _2ddc
_cREF
999 _c29958
_d29958